000 00589nam a2200193Ia 4500
008 151121s9999||||xx |||||||||||||| ||und||
082 _a920/पुरंद
082 _bHNW-51380
100 _aपुरंदरे माधुरी
245 _aपिकासो
260 _b"पुरंदरे प्रकाशन, पुणे।"
260 _c--
300 _a358
600 _aपुरंदरे माधुरी
630 _aपिकासो
700 _aपुरंदरे माधुरी
730 _aपिकासो
942 _cBOOK
999 _c1235779
_d1235776